LIBRARY & INFORMATION CENTRE, KCAET, TAVANUR

ONLINE PUBLIC ACCESS CATALOGUE (OPAC)

Integrated Management of Water Resources with Reference to Biodiversity and Livelihood / (Record no. 14316)

MARC details
000 -LEADER
fixed length control field 00432nam a22001577a 4500
003 - CONTROL NUMBER IDENTIFIER
control field OSt
008 - FIXED-LENGTH DATA ELEMENTS--GENERAL INFORMATION
fixed length control field 240213b |||||||| |||| 00| 0 eng d
020 ## - INTERNATIONAL STANDARD BOOK NUMBER
ISBN 9788176222365
041 ## - LANGUAGE CODE
Language code of text/sound track or separate title eng
082 ## - DEWEY DECIMAL CLASSIFICATION NUMBER
Classification number 631.587
Item number DWI/IN
245 ## - TITLE STATEMENT
Title Integrated Management of Water Resources with Reference to Biodiversity and Livelihood /
700 ## - ADDED ENTRY--PERSONAL NAME
Personal name Dwivedi,S.N
700 ## - ADDED ENTRY--PERSONAL NAME
Personal name Praveen Tamot
700 ## - ADDED ENTRY--PERSONAL NAME
Personal name Asfa,M.Yasin
942 ## - ADDED ENTRY ELEMENTS (KOHA)
Koha item type Books
Holdings
Withdrawn status Lost status Damaged status Home library Current library Shelving location Date acquired Source of acquisition Cost, normal purchase price Full call number Accession Number Koha item type
      KAUAET KAUAET General Stacks 15/06/2016 Universal Research Books, Thrissur 1950.00 631.587 DWI/IN 24294 Books
free website counter